000 00520nam a2200145Ia 4500
008 100122s9999 xx 000 0 und d
082 _b8409
_a822
100 _aलागू रा अ
245 _aबहिष्कार ( ऐतिहासीक कथानक )
260 _bरा.अ.लागू
_c1941
300 _a50
630 _aबहिष्कार ( ऐतिहासीक कथानक )
730 _aबहिष्कार ( ऐतिहासीक कथानक )
942 _cBOOK
999 _c400722
_d400719